[Event "Alta Autumn B"]
[Site "Alta"]
[Date "2017.09.13"]
[Round "2"]
[White "Pedersen, Robin"]
[Black "Nilsen, Nils Henrik"]
[Result "1-0"]
[WhiteElo "1441"]
[BlackElo "1594"]
[PlyCount "57"]
[EventDate "2017.09.06"]
[EventType "swiss"]
[EventRounds "10"]
[EventCountry "NOR"]
[SourceTitle "EXT 2024"]
[Source "ChessBase"]
[SourceDate "2023.10.10"]
[SourceVersion "1"]
[SourceVersionDate "2023.10.10"]
[SourceQuality "1"]

1. d4 e6 2. Bf4 Nf6 3. Nf3 d5 4. e3 Bd6 5. Bg3 0-0 6. c3 Ne4 7. Nbd2 f5 8. Ne5 c5 9. f3 Nxg3 10. hxg3 Qg5 11. Kf2 cxd4 12. exd4 Bxe5 13. dxe5 f4 14. gxf4 Qxf4 15. Qc2 g6 16. Re1 Nc6 17. g3 Qg5 18. f4 Qe7 19. Nf3 Bd7 20. Bd3 Rac8 21. Qb3 b6 22. Rh6 Rf7 23. Reh1 Qc5+ 24. Ke2 Ne7 25. Ng5 Nf5 26. Bxf5 Rxf5 27. Rxh7 Rxe5+ 28. fxe5 Bb5+ 29. Kd1 1-0